ბათუმის შოთა რუსთაველის სახელმწიფო უნივერსიტეტის ბიბლიოთეკა

მიკრობიოლოგია ვირუსოლოგიის საფუძვლებით (ბიბ.ჩანაწერი № 35354)

000 -LEADER
fixed length control field 00939nam a2200241Ia 4500
001 - CONTROL NUMBER
control field 1207
003 - CONTROL NUMBER IDENTIFIER
control field GE_BSU
008 - FIXED-LENGTH DATA ELEMENTS--GENERAL INFORMATION
fixed length control field 181216s||||||||xx |||||||||||||| ||und||
040 ## - CATALOGING SOURCE
Transcribing agency GE_BSU
080 ## - UNIVERSAL DECIMAL CLASSIFICATION NUMBER
Universal Decimal Classification number 579(075.8)+578(075.8)
100 ## - MAIN ENTRY--PERSONAL NAME
Personal name გენკელი, პ.ა.
245 ## - TITLE STATEMENT
Title მიკრობიოლოგია ვირუსოლოგიის საფუძვლებით
245 ## - TITLE STATEMENT
Remainder of title დამხმ. სახელმძღვ. პედ. ინ- ტის სტუდენტებისათვის
260 ## - PUBLICATION, DISTRIBUTION, ETC.
Place of publication, distribution, etc. თბილისი
260 ## - PUBLICATION, DISTRIBUTION, ETC.
Name of publisher, distributor, etc. განათლება
260 ## - PUBLICATION, DISTRIBUTION, ETC.
Date of publication, distribution, etc. 1983
300 ## - PHYSICAL DESCRIPTION
Extent 300 გვ. 21 სმ.
653 ## - INDEX TERM--UNCONTROLLED
Uncontrolled term ვირუსოლოგია
653 ## - INDEX TERM--UNCONTROLLED
Uncontrolled term მიკრობიოლოგია
653 ## - INDEX TERM--UNCONTROLLED
Uncontrolled term მიკრობიოლოგია ვირუსოლოგიის საფუძვლებით
942 ## - ADDED ENTRY ELEMENTS (KOHA)
Koha item type წიგნი
ეგზემპლარები
Withdrawn status Lost status Damaged status Not for loan Date acquired Barcode Date last seen Price effective from Koha item type
        2018-12-17 2672 2018-12-17 2018-12-17 წიგნი